Návrh metodiky riešenia konfliktov v multikultúrnych tímoch priemyselných podnikov : dizertačná práca

Na minha lista:
Detalhes bibliográficos
Autor principal: Videnová, Veronika, 1986- (Author)
Outros Autores: Cagáňová, Dagmar, 1971- (Thesis advisor)
Formato: Manuscrito Livro
Idioma:eslovaco
Publicado em: Trnava : STU v Bratislave MTF UPMK, 2014
Assuntos:
Acesso em linha:VAIS
Tags: Adicionar Tag
Sem tags, seja o primeiro a adicionar uma tag!

MARC

LEADER 00000ntm a22000003a 4500
001 stu298843
005 20150622152913.7
008 141004s2014----xo------------------slo-d
040 |a STU  |b slo 
041 0 |a slo 
044 |a xo 
100 1 |a Videnová, Veronika,  |d 1986-  |4 aut  |u M4000  |9 100  |U MTF Materiálovotechnologická fakulta  |T MTF Ústav priemyselného inžinierstva a manažmentu  |X 38324  |U M4000  |Y 84  |7 A000038324 
242 0 0 |a Proposal methodology for resolving conflicts within multicultural teams in industrial enterprises.  |y eng 
245 1 |a Návrh metodiky riešenia konfliktov v multikultúrnych tímoch priemyselných podnikov :  |b dizertačná práca 
260 |a Trnava :  |b STU v Bratislave MTF UPMK,  |c 2014 
300 |a 145s  |c príl. + CD + autoreferát 
500 |a Číslo a názov študijného odboru: 5.2.52 priemyselné inžinierstvo 
500 |a Študijný program: priemyselné manažérstvo 
650 7 |a priemyselné manažérstvo  |2 stusub 
650 7 |a Industrial Management  |2 estusub 
700 1 |a Cagáňová, Dagmar,  |d 1971-  |4 ths  |u M4000  |U MTF Materiálovotechnologická fakulta  |T MTF Ústav priemyselného inžinierstva a manažmentu  |X 2785  |U M4000  |Y 84  |7 A000002785 
856 4 |a info a plný text  |u http://is.stuba.sk/zp/portal_zp.pl?podrobnosti=91792  |3 VAIS 
996 |c M*DzP-433  |l MMSKP  |s P  |a 0  |w stu298843_0001